000 00393nam a2200169Ia 4500
008 180921t2008 xxu||||| |||| 00| 0 sin d
041 _asin
080 _a681
_bPIN
100 _aPinthu, J.L.Suneth
245 _aබැටරිය
246 _aBetariya
260 _bS.n.
_aS.I.
_c2008
300 _a43, 21 cm
942 _cBK
999 _c14015
_d14015
003 LK-CoDNM
040 _aLK-CoDNM
_dLK-CoDNM
_eLK-CoDNM